00509nam a2200193 a 4500001001300000003000900013005001700022008004100039020001000080082001500090100002300105245002700128260004000155300000900195500003500204505002700239650002600266700002300292nice12345678IN_TiNIC20260116011418.0050524s1938 hyda grp 000 0 urd  ac10000a231.8bROS aRoshdall, Hastings aNazriya-E-Khair-0-Shar aHyderabadbOsmania Universityc1938 a380p aincludes index and biblioraphy2 aPlus Some Other Tracts aTheology-God and Evil1 aRoshdall, Hastings